• 首页
  • 本馆介绍
  • 公告通知
  • 最新文献
  • 馆藏检索
  • 电子资源
  • 读者导购
  • 参考咨询
  • 我的图书馆
  • 登录
  • 详细信息显示
  • 放入我的书架
  • 预约/预借图书
  • 作者相关作品
  • 分类相关作品
  • 丛书相关作品
  • 出版社相关作品

书目信息

  • 表格格式
  • 工作单格式
  • 卡片格式
题名:
拉丁美洲史稿
    
 
作者: 李春辉 著
分册: 上  
出版信息: 北京   商务印书馆  1983
页数: 367页
开本: 21cm
丛书名:
单 册:
中图分类: K730.0
科图分类:
主题词: 拉丁美洲--历史 , 历史-拉丁美洲
电子资源:
ISBN:
000 00699nam0 2200265 45
001 0183004238
005 20051115162422.92
010    @dCNY1.70
091    @a11017.297
100    @a19950621d1983 em y0chiy0121 ea
101 0  @achi
102    @aCN@b110000
105    @ay z 000yy
200 10 @a拉丁美洲史稿@Ala ding mei zhou shi gao@h上@f李春辉著@Fli chun hui zhu
205    @a2版
210    @a北京@c商务印书馆@d1983
215    @a367页@d21cm
606 0  @a拉丁美洲@x历史
606    @a历史-拉丁美洲
607    @a拉丁美洲-历史
690    @aK730.0
701  0 @a李春辉@Ali chun hui@4著
801  0 @aCN@b上海图书馆@c20051115
801  2 @aCN@bNLC@c20051115
905    @f1@b99564@dK730.0@e1:1
    
    拉丁美洲史稿.上/李春辉著.-2版.-北京:商务印书馆,1983
    367页;21cm
    
    
    ISBN :CNY1.70
    
●
相关链接 在E读中查询图书 在五车中查询图书 在当当中查询图书 在豆瓣中查询图书


正题名:拉丁美洲史稿     索取号:K730.0/1:1         预约/预借

序号 登录号 条形码 馆藏地/架位号 状态 备注
1 0099563   001413900   第二样本阅览室/ [索取号:K730.0/1:1] 在馆    
2 0160766   001928267   密集书库/ [索取号:K730.0/1:1] 在馆    
3 0160767   001927909   密集书库/ [索取号:K730.0/1:1] 在馆    
4 99562   001413875   密集书库/ [索取号:K730.0/1:1] 在馆    
唐山师范学院图书馆 欢迎您!
大连网信软件有限公司© 版权所有